Φορτώνει......
Principles of Mineral Dressing /
| Κύριος συγγραφέας: | |
|---|---|
| Μορφή: | Printed Book |
| Γλώσσα: | English |
| Έκδοση: |
New Delhi:
Tata McGraw-Hill,
1999.
|
| Θέματα: |
| LEADER | 00554cam a2200193ua 4500 | ||
|---|---|---|---|
| 008 | 060815t1999||||||||||| 00 ||eng c | ||
| 020 | |a 0-07-099821-1 | ||
| 041 | 0 | |a eng | |
| 082 | |a 622.7 |b GAU/P | ||
| 100 | 0 | |a Gaudin A M, | |
| 245 | 0 | 0 | |a Principles of Mineral Dressing / |
| 260 | |a New Delhi: |b Tata McGraw-Hill, |c 1999. | ||
| 300 | |a . | ||
| 362 | 1 | |a 1999. | |
| 365 | |e pb | ||
| 650 | 0 | |a Engineering | |
| 942 | |c BK | ||
| 999 | |c 4641 |d 4641 | ||
| 952 | |0 0 |1 0 |4 0 |6 622_700000000000000_GAU |7 0 |9 4865 |a KUCL |b KUCL |d 2014-05-23 |l 0 |o 622.7 GAU/ |p 07913 |r 2014-05-23 |w 2014-05-23 |y BK | ||